Famous LGBTQ People - Sudden Death - Statistics

General Stats
  • This quiz has been taken 1,254 times
    252 since last reset
  • The average score is 14 of 49
Answers on the Grid
Answers color-coded by a green-red scale on the quiz's grid according to % correct below.
J. K. Rowling
Andy Warhol
Dave Chappelle
Napoleon
Graham Norton
Paul Reubens
Gianni Versace
Ronald Reagan
Paul O'Grady
Frank Ocean
Gore Vidal
Angela Davis
Clint Eastwood
Bruce Lee
David Hockney
RuPaul
John Barrowman
Elton John
Donald Trump
Megan Rapinoe
Nelson Mandela
Susan Sontag
Alan Turing
Harvey Milk
Dennis Rodman
Stephen Gately
George Takei
Jake Gyllenhaal
Malcolm X
Robert Mugabe
Lil Nas X
Ricky Martin
Freddie Mercury
Thomas Hitzlsperger
Lionel Messi
Michael Madsen
Pedro Almodóvar
Sam Smith
Quincy Jones
Avril Lavigne
Jean Cocteau
Leonardo DiCaprio
Kevin Spacey
Tom Hanks
Tina Turner
Alexander McQueen
Margaret Thatcher
Audrey Hepburn
Billie Jean King
Rudolf Nureyev
Michael Jordan
Steven Seagal
Denzel Washington
Abby Wambach
Gregory Peck
Elon Musk
George Michael
Tiger Woods
Mehmet Oz
Sam Altman
Jack Nicholson
Martina Navratilova
Fidel Castro
Peter Thiel
Ricky Gervais
Julia Roberts
Bob Marley
James Baldwin
Mel Gibson
Pete Buttigieg
Chaz Bono
Johnny Cash
Coco Chanel
Ellen DeGeneres
Jeff Bezos
Caitlyn Jenner
Sylvester Stallone
Kanye West
Mika
Conor McGregor
Hulk Hogan
Tom Ford
Anderson Cooper
Demi Moore
Ian Thorpe
Mike Tyson
Rosie O'Donnell
Giorgio Armani
Alicia Keys
Demi Lovato
Mikhail Gorbachev
Walt Disney
Joe Rogan
Tim Cook
Frank Sinatra
Karl Lagerfeld
Ian McKellen
Mark Zuckerberg
Charlie Chaplin
 
Answer Stats
Answer % Correct
Elton John
68%
RuPaul
62%
Freddie Mercury
59%
Lil Nas X
59%
Ellen DeGeneres
58%
Sam Smith
55%
Caitlyn Jenner
46%
George Michael
46%
Demi Lovato
45%
Alan Turing
41%
Andy Warhol
37%
Frank Ocean
37%
Ricky Martin
37%
Harvey Milk
36%
Gianni Versace
33%
Ian McKellen
33%
Kevin Spacey
33%
Graham Norton
31%
George Takei
28%
Megan Rapinoe
28%
Mika
28%
Rosie O'Donnell
28%
Anderson Cooper
27%
Giorgio Armani
27%
Karl Lagerfeld
27%
Alexander McQueen
26%
Pete Buttigieg
26%
Billie Jean King
24%
Chaz Bono
20%
Martina Navratilova
19%
Tom Ford
18%
John Barrowman
17%
Paul Reubens
17%
Tim Cook
17%
Susan Sontag
16%
Pedro Almodóvar
15%
David Hockney
14%
James Baldwin
14%
Peter Thiel
14%
Jean Cocteau
13%
Rudolf Nureyev
13%
Abby Wambach
12%
Angela Davis
12%
Gore Vidal
12%
Paul O'Grady
12%
Ian Thorpe
11%
Sam Altman
9%
Thomas Hitzlsperger
9%
Stephen Gately
8%
No matching quizzes found
Score Distribution
Percent of People with Each Score
Percentile by Number Answered
Your Score History
You have not taken this quiz since the last reset